| 000 | 00961nam a22002777a 4500 | ||
|---|---|---|---|
| 003 | DO-SdBPM | ||
| 005 | 20251114101425.0 | ||
| 008 | 151021b2001 sp| |||| 00| 0 spa d | ||
| 020 | _a8466302913 | ||
| 040 |
_aDO-SdBPM _bSPA _cBPMSU _drda |
||
| 082 | 4 |
_a863.6 _bZ39c2001 _222 |
|
| 100 | 1 |
_aZayas y Sotomayor, Maria de, _d1590-1650. _eautora |
|
| 245 |
_aEl castigo de la miseria / _cMaría de Zayas y Sotomayor. |
||
| 264 |
_aMadrid : _bSuma de Letras, _c2001. |
||
| 300 |
_a87 páginas : _bilustraciones ; _c18 cm. |
||
| 336 |
_atexto _btxt _2rdacontent |
||
| 337 |
_asin mediación _bn _2rdamedia |
||
| 338 |
_avolumen _bnc _2rdacarrier |
||
| 490 | 0 |
_aPunto de lectura ; _aObras maestras de la novela corta _v200/4. |
|
| 500 | _aObras maestras de la novela corta. | ||
| 590 | _aInventariado, 2025/VM | ||
| 650 | 7 | _aNovela juvenil española | |
| 650 | 7 | _aLiteratura juvenil española | |
| 910 | _aVMateo V. Control de calidad. BPMSU | ||
| 942 |
_2ddc _cBK |
||
| 999 |
_c8419 _d8419 |
||